| 000 | 00509nam a22001577a 4500 | ||
|---|---|---|---|
| 003 | macl | ||
| 005 | 20180526165028.0 | ||
| 008 | 180526b xxu||||| |||| 00| 0 eng d | ||
| 040 | _cmacl | ||
| 082 | _a080 | ||
| 100 |
_aमार्ड्रन ,स्वेट _972625 |
||
| 245 | _aजीवन बदलने का ढंग | ||
| 260 |
_aदिल्ली _bचम्बल बुक एजेन्सी _c2015 |
||
| 650 |
_aसामान्य वर्ग _936 |
||
| 942 |
_2ddc _cHIN |
||
| 999 |
_c58140 _d58140 |
||